[Event "FRA-ch Blitz Online Qual"]
[Site "Europe Echecs INT"]
[Date "2020.05.16"]
[Round "14"]
[White "Bag, Ayoub"]
[Black "Leccia, Antoine"]
[Result "0-1"]
[WhiteElo "1467"]
[BlackElo "1950"]
[PlyCount "128"]
[EventDate "2020.05.16"]
[EventType "swiss (blitz)"]
[EventRounds "15"]
[EventCountry "FRA"]
[SourceTitle "CBM 196 Extra"]
[Source "ChessBase"]
[SourceDate "2020.07.31"]
[SourceVersion "1"]
[SourceVersionDate "2020.07.31"]
[SourceQuality "1"]

1. e4 e5 2. Nf3 Nc6 3. Bc4 Nf6 4. d4 exd4 5. 0-0 Nxe4 6. Re1 d5 7. Bxd5 Qxd5 8. Nc3 Qd7 9. Nxe4 Be7 10. Bg5 0-0 11. Bxe7 Qxe7 12. Nxd4 Bd7 13. c3 Qd8 14. Nc5 Nxd4 15. Qxd4 Bc6 16. Rad1 Qxd4 17. Rxd4 Rfe8 18. Red1 Re2 19. R4d2 Re7 20. f3 f6 21. Nd7 Kf7 22. Kf2 b6 23. Rd3 Ke8 24. b3 Rxd7 25. Re1+ Re7 26. Red1 Kf7 27. R1d2 Rae8 28. Kg3 Re2 29. c4 R8e7 30. a3 Rxd2 31. Rxd2 Rd7 32. Rb2 Rd3 33. a4 Ke6 34. b4 Bxa4 35. c5 b5 36. Re2+ Kf7 37. Rb2 Rd4 38. Kf2 Rc4 39. Ke3 Rc3+ 40. Kd4 Rb3 41. Re2 Rxb4+ 42. Kd5 Rb1 43. Kc6 Rc1 44. Rb2 b4+ 45. Kxc7 Rxc5+ 46. Kb7 a5 47. Kb6 Rd5 48. g3 Bd1 49. f4 Bf3 50. Rb1 Be4 51. Re1 f5 52. g4 g6 53. h4 a4 54. h5 b3 55. hxg6+ hxg6 56. gxf5 gxf5 57. Kc7 b2 58. Rh1 b1Q 59. Rh7+ Kg6 60. Rh6+ Kxh6 61. Kc8 Rc5+ 62. Kd7 Qd3+ 63. Ke7 Rc7+ 64. Kf6 Qd6# 0-1

[Event "FRA-ch Blitz Online Qual"]
[Site "Europe Echecs INT"]
[Date "2020.05.16"]
[Round "3"]
[White "Bernard, Mathis"]
[Black "Bag, Ayoub"]
[Result "1-0"]
[WhiteElo "1880"]
[BlackElo "1467"]
[PlyCount "107"]
[EventDate "2020.05.16"]
[EventType "swiss (blitz)"]
[EventRounds "15"]
[EventCountry "FRA"]
[SourceTitle "CBM 196 Extra"]
[Source "ChessBase"]
[SourceDate "2020.07.31"]
[SourceVersion "1"]
[SourceVersionDate "2020.07.31"]
[SourceQuality "1"]

1. e4 e6 2. d4 d5 3. Nc3 dxe4 4. Nxe4 Nd7 5. Nf3 Ngf6 6. Ng3 Be7 7. Be3 0-0 8. Qd2 b6 9. 0-0-0 c5 10. c3 Bb7 11. Bd3 Rc8 12. Kb1 c4 13. Bc2 b5 14. h4 a5 15. h5 b4 16. h6 g6 17. Ng5 Nd5 18. f4 Ba6 19. Ka1 Rb8 20. N3e4 b3 21. Bb1 a4 22. a3 N7f6 23. Nxf6+ Nxf6 24. Ne4 Bb7 25. Nxf6+ Bxf6 26. Rhg1 Be7 27. g4 f5 28. gxf5 exf5 29. d5 Bd6 30. Qd4 Qe7 31. Rge1 Bxa3 32. d6 Qd7 33. bxa3 b2+ 34. Ka2 Rf7 35. Qxc4 Rc8 36. Qd4 Qb5 37. Bc2 Rb8 38. Bxa4 Bd5+ 39. Qxd5 Qxd5+ 40. Rxd5 Rfb7 41. Rb1 Kf7 42. Rd4 Ke6 43. Rb4 Kxd6 44. Rxb7 Rxb7 45. Rxb2 Re7 46. Rd2+ Kc7 47. Bd4 Re4 48. Be5+ Kb7 49. Kb3 Kb6 50. Rd4 Re1 51. Kc4 Rh1 52. Rd6+ Kb7 53. Bc6+ Ka7 54. Bxh1 1-0